| 000 | 00596nam a22001937a 4500 | ||
|---|---|---|---|
| 008 | 230705b |||||||| |||| 00| 0 eng d | ||
| 040 |
_aNational Science Library _cNational Science Library |
||
| 080 | _aHD1131 | ||
| 100 | _aJohnson, M S | ||
| 245 |
_aInventory of the southern coastal plain pine forests, Belize _c/ Ministry of Overseas Development Administration |
||
| 260 |
_aEngland: _bLand Resources Division, _c1974 |
||
| 300 | _a183p. | ||
| 490 | _aLand resources study no.15 | ||
| 500 | _a | ||
| 650 | _aGeography | ||
| 653 | _aResources | ||
| 700 | _a | ||
| 942 |
_2udc _cREF |
||
| 999 |
_c49416 _d49416 |
||